Conference on the impact of common commercial policy on pre-accession strategies Warsaw, Poland, 18-19 June 1998

Uložené v:
Podrobná bibliografia
Médium: Kniha
Jazyk:English
Vydavateľské údaje: Brussel Phare multi-country trade development PCU 1998
Edícia:Proceedings report
Predmet:
Tagy: Pridať tag
Žiadne tagy, Buďte prvý, kto otaguje tento záznam!

MARC

LEADER 00000nam a2200000 4500
001 c110510
005 20221221081835.7
041 0 |a eng 
044 |a BE 
245 1 0 |a Conference on the impact of common commercial policy on pre-accession strategies  |b Warsaw, Poland, 18-19 June 1998 
264 1 |a Brussel  |b Phare multi-country trade development PCU  |c 1998 
300 |a [350] s. 
490 1 |a Proceedings report 
830 0 |a Proceedings report 
610 2 0 |a obchod 
610 2 0 |a politika obchodná 
610 2 0 |a Európska únia 
610 2 0 |a Európske spoločenstvá 
610 2 0 |a dohody obchodné medzinárodné 
610 2 0 |a obchod voľný